Stúdióelőadás az egyetemi színpadon
Elmentve itt :
| Szerző: | |
|---|---|
| Dokumentumtípus: | Cikk |
| Megjelent: |
1965-12-21
|
| Sorozat: | Délmagyarország
55 No. 300 |
| Kulcsszavak: | Színjátszás egyetemi 1965, Egyetemi Színpad |
| Online Access: | http://dmarchiv.bibl.u-szeged.hu/55591 |
| LEADER | 00501nab a2200157 i 4500 | ||
|---|---|---|---|
| 001 | delm55591 | ||
| 005 | 20180927141849.0 | ||
| 008 | 180927s1965 hu o 0|| hun d | ||
| 040 | |a SZTE Délmagyarország Archívum |b hun | ||
| 041 | |a hun | ||
| 100 | 1 | |a Nikolényi István | |
| 245 | 1 | 0 | |a Stúdióelőadás az egyetemi színpadon |h [elektronikus dokumentum] / |c Nikolényi István |
| 260 | |c 1965-12-21 | ||
| 300 | |a 5 | ||
| 490 | 0 | |a Délmagyarország |v 55 No. 300 | |
| 695 | |a Színjátszás egyetemi 1965, Egyetemi Színpad | ||